banner-ar

دليل علمى تكاملى لعلاج الصدمة النفسية واضرابات كرب ما بعد الصدمة : (Record no. 65499)

MARC details
000 -الفاتح
حقل البيانات ثابتة الطول 01500nam a22003017a 4500
005 - وقت وتاريخ اخر تعامل مع التسجيلة
رقم الضبط 20240530110828.0
008 - عناصر البيانات ثابتة الطول - معلومات عامة
حقل البيانات ثابتة الطول 190808s2019 ua ak g b 000 0 ara d
017 ## - رقم الايداع القانونى
رقم الايداع القانونى 2018/1769
المصدر ( الهيئة المختصة) مصر. دار الكتب
020 ## - الرقم الدولى المعيارى للكتب
الرقم الدولى المعيارى للكتاب 9789770532416
040 ## - مصدر الفهرسة
وكالة الفهرسة الأصلية EG-CaGPL
وكالة النسخ EG-CaGPL
082 04 - رقم تصنيف ديوى العشرى
رقم الطبعة 21
رقم التصنيف 616.89142/
رقم المادة ر د
100 1# - المدخل الرئيسى - إسم شخصى
الإسم الشخصى راجا، شيلا
245 10 - بيان العنوان
العنوان دليل علمى تكاملى لعلاج الصدمة النفسية واضرابات كرب ما بعد الصدمة :
بقية العنوان العلاج المعرفى السلوكى والجدلى السلوكى والتقبل والالتزام والعلاج بمعالجة المعلومات الصدمة والعلاج النفسى السلوكى /
بيان المسئوليه,etc تاليف شيلا راجا ؛ ترجمة وتقديم محمد نجيب احمد الصبوة
250 ## - بيان الطبعة
بيان الطبعة ط.1
260 ## - PUBLICATION, DISTRIBUTION, ETC. (IMPRINT)
تاريخ النشر أو التوزيع 2019.
300 ## - الوصف المادى
التعداد 295 ص. :
تفاصيل ماديه اخرى للوعاء ايض ؛
أبعاد الوعاء 24 سم.
490 #0 - بيان السلسلة
عنوان السلسلة سلسلة علم النفس الاكلينيكى المعاصر.
504 ## - تبصرة ببليوجرافية
تبصرة ببليوجرافية,الخ يشتمل على ارجاعات ببليوجرافية
650 07 - المدخل الاضافى بالموضوع-مصطلح موضوعى
مصدر الرأس أو المصطلح qrmak
مصطلح موضوعي الارشاد النفسى
650 07 - المدخل الاضافى بالموضوع-مصطلح موضوعى
مصدر الرأس أو المصطلح qrmak
مصطلح موضوعي الصحة النفسية
650 07 - المدخل الاضافى بالموضوع-مصطلح موضوعى
مصدر الرأس أو المصطلح qrmak
مصطلح موضوعي الصدمات
650 07 - المدخل الاضافى بالموضوع-مصطلح موضوعى
مصدر الرأس أو المصطلح qrmak
مصطلح موضوعي العلاج النفسى
651 ## - المدخل الاضافى بالموضوع - اسم جغرافى
مصدر الرأس أو المصطلح qrmak
653 #0 - مصطلح تكشيفى غير مقيد
مصطلح غير مقيد الصدمات - علم نفس
700 0# - المدخل الاضافى - اسم شخصى
الإسم الشخصى محمد نجيب احمد الصبوة
الدور مترجم ومقدم
942 ## - عناصر المدخل الإضافي( كوها)
مصدر التصنيف او مخطط الترفيف Dewey Decimal Classification
Koha [default] item type كتاب
260 ## - PUBLICATION, DISTRIBUTION, ETC. (IMPRINT)
-- القاهرة :
-- مكتبة الانجلو المصرية ،
Holdings
حالة التراجع حالة الفقد حالة تلف ليس للاعارة المكان المؤقت الموقع الحالى موقع الترفيف تاريخ الاكتساب اجمالي اﻻعارات رقم الطلب الباركود تاريخ اخر مشاهدة تاريخ تفعيل السعر نوع وعاء كوها
        مكتبة القاهرة الكبرى مكتبة القاهرة الكبرى   08/08/2019   616.89142/ ر د 166390 08/08/2019 08/08/2019 كتاب

Powered By

EGPV